000 00885nam0a22002771 4500
001 rc\4564035
005 20250612120544.0
021 _aRU
_b[66-37893]
035 _a(NLR Aleph) 008647550
090 _a8981275
_c8981275
100 _a20130416d1966 |||y0rusy50 ca
101 0 _arus
102 _aRU
105 _aa z |||||
200 1 _aСмотри в корень!
_eСборник любопытных задач и вопросов
210 _aМосква
_cНаука
_d1966
215 _a232 с.
_cил.
_d20
320 _aБиблиогр. в конце книги (11 назв.)
606 _aФизика
_jЗадачи
_xРешение
_2psbo
700 1 _aМаковецкий
_bП.В.
_f1922-1980
_gПетр Васильевич
801 0 _aRU
_bNLR
_gpsbo
801 1 _aRU
_bELAR
_2rusmarc
852 _aNLR
_j66-3/2793
942 _cBOOK
980 _aNB